000 00404nam a22001577a 4500
005 20250912155220.0
008 250912b |||||||| |||| 00| 0 eng d
020 _a9780435940027
050 _aBL2400
_bMBI
100 _aMBITI S. JOHN
245 _aINTRODUCTION TO AFRICA RELIGION
250 _a2ND
260 _aENGLISH
_bHEINENANN EDUCATIONAL PUBLISHERS
_cc1975
300 _a216p
942 _2lcc
_cBK
_n0
999 _c7541
_d7541